Szczegóły MARC21

Słownik poprawnej polszczyzny PWN /

003 -Nazwa inst., której nr kontr. jest w polu 001 [,]
    • @
    • Nazwa instytucji, której n kontrolny jest w polu 001
    • NUKAT
005 -DATA I CZAS OSTATNIEJ MODYFIKACJI [,]
    • @
    • pole kontrolne
    • 20241231085548.0
020 -Międzynarod. znormalizowany nr książki - ISBN [ , ]
    • a
    • Numer ISBN
    • 830103811X Find
040 -Instytucja sporządzająca opis [ , ]
    • a
    • Instytucja, która sporządziła opis (NP)
    • POZN U/LDBR
    • c
    • Instytucja, która sporządziła rekord (NP)
    • POZN U/RD
    • d
    • Instytucja, która zmodyfikowała rekord (P)
    • POZN U/MW
    • d
    • Instytucja, która zmodyfikowała rekord (P)
    • KAT 001/PDs
942 -Rodzaj dokumentu [ , ]
    • c
    • Rodzaj dokumentu
    • Książka
245 -Strefa tytułu i oznaczenia odpowiedzialności [0,0]
    • a
    • Tytuł
    • Słownik poprawnej polszczyzny PWN / Find
    • c
    • Pozostałe elementy strefy tytułu i oznaczenia odpowiedzialności (NP)
    • red. naczelny Witold Doroszewski ; zastępca red. naczelnego Halina Kurkowska ; red. Halina Chociłowska [et al.].
250 -Strefa wydania [ , ]
    • a
    • Oznaczenie wydania (NP)
    • Wyd. 17.
260 -Strefa adresu wydawniczego [ , ]
    • a
    • Miejsce wydania (P)
    • Warszawa :
    • b
    • Nazwa wydawcy (P)
    • Państwowe Wydawnictwo Naukowe,
    • c
    • Data wydania (P)
    • 1993.
300 -Strefa opisu fizycznego [ , ]
    • a
    • Określenie formy książki i/lub objętość (NP)
    • XL, 1054, [2] s. ;
    • c
    • Format (NP)
    • 24 cm.
336 -Typ zawartości [ , ]
    • a
    • Termin opisujący typ zawartości
    • Tekst
    • b
    • Kod określający zawartość
    • txt
    • 2
    • Źródło (terminu i kodu)
    • rdacontent
337 -Typ mediów [ , ]
    • a
    • Tryb odtwarzania
    • Bez urządzenia pośredniczącego
    • b
    • Kod typu mediów
    • n
    • 2
    • Źródło (terminu i kodu)
    • rdamedia
338 -Typ/rodzaj nośnika [ , ]
    • a
    • Hasło opisujące typ nośnika
    • Wolumin
    • b
    • Kod typu nośnika
    • nc
    • 2
    • Źródło (terminu i kodu)
    • rdacarrier
504 -Uwaga dot. bibliogr. załącznikowej [ , ]
    • a
    • Uwaga dot. bibliografii załącznikowej
    • Bibliogr. s. 1054-[1055].
650 -Hasło przedmiotowe [ ,7]
    • a
    • Hasło przedmiotowe
    • Język polski
    • x
    • Określnik rzeczowy
    • używanie
    • v
    • Określnik formalny
    • słowniki.
    • 2
    • Źródło terminu
    • kaba
    • 9
    • KHW
    • 360232
700 -Hasło dodatkowe - nazwa osobowa [1, ]
    • a
    • Nazwa osobowa (NP)
    • Doroszewski, Witold Find
    • d
    • Daty biograficzne (NP)
    • (1899-1976).
    • e
    • Określenie rodzaju współpracy
    • Red.
    • 9
    • KHW
    • 16372
700 -Hasło dodatkowe - nazwa osobowa [1, ]
    • a
    • Nazwa osobowa (NP)
    • Kurkowska, Halina Find
    • d
    • Daty biograficzne (NP)
    • (1922-1983).
    • e
    • Określenie rodzaju współpracy
    • Red.
    • 9
    • KHW
    • 31750
700 -Hasło dodatkowe - nazwa osobowa [1, ]
    • a
    • Nazwa osobowa (NP)
    • Chociłowska, Halina Find
    • d
    • Daty biograficzne (NP)
    • ( -2008).
    • e
    • Określenie rodzaju współpracy
    • Red.
    • 9
    • KHW
    • 27923
710 -Hasło dodatkowe - nazwa ciała zbiorowego [2, ]
    • a
    • Nazwa ciała zbiorowego lub nazwa geograficzna jako pierwszy element (NP)
    • Wydawnictwo Naukowe PWN.
    • 4
    • Kod relacji
    • pbl
    • 9
    • KHW
    • 52648
920 -ISBN [ , ]
    • a
    • ISBN
    • 83-01-03811-X Find
Sygnatura Status udost. Lokalizacja Data inwentaryzacji Numer inwentarzowy
POL. Słowniki poprawnościowe 021BM1996-08-20P.12916